000 00868nas a2200301 4500
001 BR2014006220
003 BR-BrBNA
005 20231205124548.0
007 ta
008 230509b bl.|||p| |||| 00| 00por d
040 _aBR-BrBNA
_bpor
_cBiblioteca Nacional de Agricultura
041 _a(En)
072 _aK10; P40
100 1 _aGasparoto, E.A.G.
100 1 _aTonello, K.C.
100 1 _aShinzato, E.T.
100 1 _aValente, R. de O.A.
245 1 _aThroughfall in diferent forest stands of Iperó, São Paulo
650 _aPOVOAMENTO FLORESTAL
650 _aEUCALIPTO
650 _aPINHEIRO
650 _aFLORESTA
650 _aHIDROLOGIA
650 _aPRECIPITAÇÃO PLUVIAL
773 0 _tCerne (Brazil)
_xISSN 0104-7760
_g(Apr-Jun 2014), v.20(2) p. 303-310
_wBR2014006220
909 _a202311
_bLúcia
_c55
_dLúcia Elande
942 _2AGRIS
_n0
_cANA
999 _c239731
_d239731